• Mestizaje

di Topical Term

Records bibliografici associati: 2

001 - CONTROL NUMBER

  • control field: 37465

003 - CONTROL NUMBER IDENTIFIER

  • control field: IT-RoINE

005 - DATE AND TIME OF LATEST TRANSACTION

  • control field: 20170724092629.0

008 - FIXED-LENGTH DATA ELEMENTS

  • fixed length control field: 170724|| aca||aabn | a|a d

040 ## - CATALOGING SOURCE

  • Original cataloging agency: IT-RoINE
  • Transcribing agency: IT-RoINE

150 ## - HEADING--TOPICAL TERM

  • Topical term or geographic name as entry element: Mestizaje
  • Geographic subdivision: América Latina

670 ## - SOURCE DATA FOUND

  • Source citation: Work cat.: (IT-RoINE)0: Pérez de Barradas, José, 1897-1981‏ 37464, Los mestizos de América /, 1976.